000 00546nam a2200181Ia 4500
008 140321s9999 xx 000 0 und d
020 _a9789719299769
050 _aHD 31
_b.M916 2010
100 _aTongo-Mosura, Carmel
245 _aManagement /
_cCarmel Tongco-Mosura and Vicente Camilo T. Mendez.
260 _aMandaluyong City :
_bASCENT Publishing Enterprise,
_cc2010.
300 _a236 p. :
_c23 cm.
500 _aIncludes bibliographical references.
521 _aBSBA
650 _aManagement.
942 _kLOC
_cBK
999 _c48421
_d48421